| 000 | 01374cad a22001935a 4500 | ||
|---|---|---|---|
| 001 | L152677 | ||
| 008 | 110412s2011 xxk f 000 0 eng d | ||
| 035 | _a(Sirsi) u152677 | ||
| 041 | 0 | _aeng | |
| 110 | 2 |
_aUnited Kingdom _bDepartment for Communities and Local Government _94939 |
|
| 245 | 0 | 0 |
_aRelaxation of planning rules for change of use from commercial to residential _bconsultation _h[electronic resource] |
| 260 |
_aLondon _bDCLG _c2011 |
||
| 520 | _aSeeks views on the Government's proposals to amend the Town and Country Planning (General Permitted Development) Order 1995 (as amended) to grant permitted development rights to changes of use from commercial to residential so such changes can happen without the need for planning applications. This would be a step towards increasing the supply of land and buildings for residential development and conversion and should hopefully encourage house building to rise from its record low of just 129 000 net additions in England in 2009-10. The consultation is for England only and is open for comments until 30 June 2011. | ||
| 590 | _aKA NTK | ||
| 651 | 4 |
_aEngland _y886- |
|
| 690 | _aENVIRONMENTAL AND LAND CONSULTANCY-PLANNING AND DEVELOPMENT | ||
| 856 | 4 | 0 |
_uhttps://www.communities.gov.uk/documents/planningandbuilding/pdf/1883189.pdf _zView the consultation free of charge at www.communities.gov.uk |
| 942 | _n0 | ||
| 999 |
_c112161 _d112161 |
||